000 01700nam a2200493 i 4500
001 55366
003 KOSZ 005
005 20220118130449.0
008 080326s2007 pl a |000 0 pol
015 _aUWD 2008/7989
035 _a991040435039705066
035 _a(PL-WaBN)b20806255-48omnis_nlop
035 _ab20806255
035 _a(OCoLC)749632853
035 _a(PL)b0000002080625
035 _a(EXLNZ-48OMNIS_NETWORK)9910022992905606
040 _aWA N
_cWA N
_dKOSZ 005/HR
046 _k2007
080 _a621.1.01:536.7
080 _a66.045.1
080 _a517.9
100 1 _aPieńkowski, Cezary Andrzej
_eAutor
245 1 0 _aPrzepływ ciepła i wymienniki /
_cCezary Andrzej Pieńkowski.
260 _aBiałystok :
_bWydawnictwo Politechniki Białostockiej,
_c2007.
300 _a251 s. :
_bil. ;
_c23 cm.
336 _aTekst
_btxt
_2rdacontent
337 _aBez urządzenia pośredniczącego
_bn
_2rdamedia
338 _aWolumin
_bnc
_2rdacarrier
380 _aKsiążki
380 _aPublikacje naukowe
388 _a2001-
490 1 _aRozprawy Naukowe / Politechnika Białostocka,
_x0867-096X ;
_vnr 149
504 _aBibliogr. s. 249-251.
650 7 _aPromieniowanie cieplne
_2DBN
650 7 _aPrzewodnictwo cieplne
_2DBN
650 7 _aRównania różniczkowe
_2DBN
650 7 _aTermodynamika techniczna
_2DBN
650 7 _aWymiennik ciepła
_2DBN
658 _aInżynieria i technika
830 0 _aRozprawy Naukowe - Politechnika Białostocka
_vnr 149
856 _uhttp://koha.tu.koszalin.pl/cgi-bin/koha/opac-detail.pl?biblionumber=55366
_yKatalog online BPK
942 _2UKD
_cKS
999 _c55366
_d55366